书目信息 |
| 题名: |
唐吉诃德(上)
|
|
| 作者: | 塞万提斯 著 ;刘京胜 译 | |
| 分册: | ||
| 出版信息: | 北京 北京燕山出版社 2001.01 |
|
| 页数: | 402页 | |
| 开本: | 32开 | |
| 丛书名: | 世界文学文库 | |
| 单 册: | ||
| 中图分类: | I551.43 | |
| 科图分类: | ||
| 主题词: | 文学 | |
| 电子资源: | ||
| ISBN: | 7-5402-1357-4 | |
| 000 | 00685nam0 2200229 45 | |
| 001 | 0206280823 | |
| 005 | 20020628084620.7 | |
| 010 | @a7-5402-1357-4@d14.25元 | |
| 100 | @a20020628d2001 km y0chiy0120 ea | |
| 101 | 0 | @achi |
| 105 | @a z 000yy | |
| 200 | 1 | @a唐吉诃德(上)@ATang Ji He De(Shang)@f(西班牙)塞万提斯著@F(Xi Ban Ya)Sai Wan Ti Si Zhu@g刘京胜译 |
| 210 | @a北京@c北京燕山出版社@d2001.01 | |
| 215 | @a402页@d32开 | |
| 225 | @a世界文学文库 | |
| 410 | @12001 @a世界文学文库 | |
| 606 | 0 | @a文学 |
| 690 | @aI551.43@v3 | |
| 701 | 0 | @a塞万提斯@4著 |
| 702 | 0 | @a刘京胜@ALiu Jing Sheng@4译 |
| 801 | @aCN@bPftUser@c20020628 | |
| 905 | @aBZT@b341805-807@dI551.43@e1-1@f3 | |
| 唐吉诃德(上)/(西班牙)塞万提斯著/刘京胜译.-北京:北京燕山出版社,2001.01 |
| 402页;32开.-(世界文学文库) |
| ISBN 7-5402-1357-4:14.25元 |
| ● |
| 相关链接 |
|
|
|
正题名:唐吉诃德(上)
索取号:I551.43/1-1
 
预约/预借
| 序号 | 登录号 | 条形码 | 馆藏地/架位号 | 状态 | 备注 |
| 1 | 341806 | 201401152 | 中心书库中库/打包BH0185/ [索取号:I551.43/1-1] | 在馆 | |
| 2 | 341807 | 201401134 | 中心书库中库/打包BH0185/ [索取号:I551.43/1-1] | 在馆 |